000
00290nam a22001217a 4500
008
181017b xxu||||| |||| 00| 0 eng d
041
_a
eng
080
_a
370
100
_a
47
101
_a
EDU
245
_a
The Writers Graft Hopwood Lectures 1965 81
_c
Martin.R.A
942
_2
udc
_c
BK
999
_c
49960
_d
49960